Wait and see on seller's packs (Record no. 64680)

MARC details
000 -LEADER
fixed length control field 00692cam a2200181 4500
001 - CONTROL NUMBER
control field WB3636-30
008 - FIXED-LENGTH DATA ELEMENTS--GENERAL INFORMATION
fixed length control field 000000n2000 000 0 eng u
035 ## - SYSTEM CONTROL NUMBER
System control number (Sirsi) u108338
245 ## - TITLE STATEMENT
Title Wait and see on seller's packs
260 ## - PUBLICATION, DISTRIBUTION, ETC.
Date of publication, distribution, etc. 2000
490 ## - SERIES STATEMENT
Series statement Estate Agency News
Volume/sequential designation (160) September 2000, 1(1)
520 ## - SUMMARY, ETC.
Summary, etc. Confirms that autumn is the earliest date the results of the Bristol Seller's Pack pilot scheme are likely to be released. Early indications are that the pilot scheme has reinforced government intention to make the Seller's Pack mandatory.
590 ## - LOCAL NOTE (RLIN)
Local note WB
650 ## - SUBJECT ADDED ENTRY--TOPICAL TERM
Topical term or geographic name entry element SELLERS PACKS
650 ## - SUBJECT ADDED ENTRY--TOPICAL TERM
Topical term or geographic name entry element PILOT SCHEME
690 ## - LOCAL SUBJECT ADDED ENTRY--TOPICAL TERM (OCLC, RLIN)
Topical term or geographic name as entry element PROPERTY AND LAND LAW-AGENCY
942 ## - ADDED ENTRY ELEMENTS (KOHA)
Suppress in OPAC 0
Holdings
Withdrawn status Lost status Source of classification or shelving scheme Damaged status Not for loan Home library Current library Shelving location Date acquired Total Checkouts Full call number Barcode Date last seen Copy number Price effective from Koha item type
    Dewey Decimal Classification     London London News article 13/09/2000   WB3636-30 108338-1001 06/08/2019 1 06/08/2019 News article